| 000 | 00573nam a22001817a 4500 | ||
|---|---|---|---|
| 003 | UA-OsUOA | ||
| 001 | 9267 | ||
| 007 | ta | ||
| 008 | 20041014b un ||||| |||| 00| 0 ukr d | ||
| 100 | _aПчілка О. | ||
| 942 | _cSA | ||
| 040 |
_aUA-OsUOA _cUA-OsUOA _dUA-OsUOA |
||
| 245 | _aМихайло Петрович Старицький | ||
| 300 | _aС.74-77 | ||
| 955 | _a0 | ||
| 773 | 0 |
_w0 _tДивослово (українська мова й література в навчальних закладах) _dКиїв _d2004 _g№10 |
|
| 650 | 7 |
_aСтарицький М. _2UDC |
|
| 999 |
_c295428 _d295428 |
||